01024namaa2200205 i 4500001000700000003000900007005001700016008004100033040002300074100002800097245011400125260009100239300002100330505002000351594008400371700003300455852018400488999001900672952012700691173776ES-MaACL20230906215337.0100118s1853 sp |||| | spa d aSpMaBN bspa cPAB1 aAriza, Juan de.914198313aLa Flor del valle b: zarzuela en un acto y en verso / coriginal de Juan de Ariza; música de Luís Arche. aMadrid : bCírculo Literario Comercial, c1853 (fImprenta á cargo de C. Gonzalez) a36 p. ; c21 cm.8 aSólo la letra aEn port.: estrenada en el teatro del Príncipe, el día 27 de marzo de 1853.1 aArche, Luis Vicente.9139696 aES-MaACLjB-8603(16) z.- Enc. pasta española q.- Falto de la port. originalz.- Enc. en un vol. facticio formando parte de la col. facticia "Teatro español moderno", vol. 56 c173776d173776 001040708LIBXIXaATENEOMbATENEOMcSPBd2010-01-18eSCl0oB-8603(16)p1182406r2023-02-23 00:00:00w2023-02-23yMONANT